[Event "Cracovia 2009"]
[Site "Krakow"]
[Date "2009.12.30"]
[Round "4.30"]
[White "Staroszczyk, Mateusz"]
[Black "Veltkamp, Gerben"]
[Result "1/2-1/2"]
[WhiteElo "2044"]
[BlackElo "2166"]
[PlyCount "83"]
[EventDate "2009.??.??"]

1. e4 e5 2. Nf3 Nc6 3. Bc4 Nf6 4. d3 Bc5 5. O-O d6 6. c3 a6 7. Bb3 Ba7 8. Nbd2
O-O 9. Nc4 Ne7 10. Bg5 Ng6 11. Nh4 Kh8 12. Nf5 d5 13. Nce3 dxe4 14. Bxf6 Qxf6
15. dxe4 Qg5 16. Qf3 Qf4 17. Qxf4 Nxf4 18. Rfe1 g6 19. Ne7 Be6 20. N7d5 Bxd5
21. Nxd5 Nd3 22. Re2 c6 23. Ne3 Rad8 24. Rd1 f5 25. exf5 gxf5 26. Bc4 Nxf2 27.
Rxd8 Rxd8 28. Kxf2 f4 29. Kf3 Bxe3 30. Ke4 b5 31. Be6 Bg1 32. Kxe5 Bxh2 33. Kf6
Rf8+ 34. Bf7 Bg3 35. Re8 Bh4+ 36. Ke5 Kg7 37. Rxf8 Kxf8 38. Bh5 Ke7 39. Kxf4
Kd6 40. Ke4 a5 41. Be8 Be1 42. Kd4 1/2-1/2

[Event "Cracovia 2009"]
[Site "Krakow"]
[Date "2009.12.30"]
[Round "4.31"]
[White "Kireev, Andrey"]
[Black "Gluszko, Monika"]
[Result "1-0"]
[WhiteElo "2163"]
[BlackElo "1983"]
[PlyCount "51"]
[EventDate "2009.??.??"]

1. e4 c5 2. Nc3 Nc6 3. g3 g6 4. Bg2 Bg7 5. d3 Rb8 6. Be3 d6 7. Qd2 b5 8. a3 Qa5
9. Rb1 b4 10. axb4 cxb4 11. Nd1 Nf6 12. h3 O-O 13. f4 Bb7 14. Nf3 Nd7 15. O-O
Nc5 16. Nf2 e5 17. Ra1 Qb5 18. f5 Ne7 19. Bh6 f6 20. Ng4 gxf5 21. Bxg7 Kxg7 22.
Qh6+ Kh8 23. Nxf6 Rf7 24. Ng5 Rg7 25. Nh5 Rxg5 26. Qxg5 1-0

[Event "Cracovia 2009"]
[Site "Krakow"]
[Date "2009.12.30"]
[Round "4.33"]
[White "Wiewiora, Eneasz"]
[Black "Luca, Ionel"]
[Result "1/2-1/2"]
[WhiteElo "2023"]
[BlackElo "2153"]
[PlyCount "181"]
[EventDate "2009.??.??"]

1. e4 d6 2. d4 Nf6 3. Nc3 c6 4. f4 Qa5 5. e5 Ne4 6. Qf3 f5 7. exd6 Be6 8. Bd3
Nxd6 9. Nge2 Nd7 10. O-O Nf6 11. b3 g6 12. Bb2 Bg7 13. Rfe1 Bf7 14. a3 O-O 15.
Kh1 Rae8 16. Rad1 g5 17. fxg5 Nfe4 18. b4 Qc7 19. g6 Bxg6 20. Nf4 e5 21. Nxg6
hxg6 22. Ne2 exd4 23. Bxd4 Bxd4 24. Nxd4 Qb6 25. Bxe4 Nxe4 26. Rf1 Rf7 27. g4
c5 28. bxc5 Qxc5 29. gxf5 Qd5 30. c4 Qxc4 31. Qg2 Rf6 32. Ne6 Qc6 33. Rc1 Nf2+
34. Kg1 Qxg2+ 35. Kxg2 Ng4 36. Rf3 Rxf5 37. Rxf5 Ne3+ 38. Kf3 Nxf5 39. Nf4 Kf7
40. Rc7+ Re7 41. Rc3 Nd4+ 42. Kf2 g5 43. Rd3 Re4 44. Ng2 Kf6 45. Ne3 Ne6 46.
Kf3 Ra4 47. Ng4+ Kg6 48. Ne3 Nd4+ 49. Kf2 Kf6 50. h3 Ke5 51. Ke1 Ke4 52. Rc3
Nb5 53. Rc4+ Rxc4 54. Nxc4 Kd4 55. Na5 Nd6 56. Ke2 Kc5 57. Kf3 b6 58. Nb3+ Kc4
59. Nd2+ Kd3 60. Nf1 Nc4 61. Kg4 Nxa3 62. Kxg5 b5 63. h4 b4 64. h5 b3 65. h6 b2
66. h7 b1=Q 67. h8=Q Qc1+ 68. Kg4 Qxf1 69. Qh7+ Kc3 70. Qxa7 Nc4 71. Qg7+ Kc2
72. Qh7+ Kd2 73. Qe4 Ne3+ 74. Kg5 Qb5+ 75. Kg6 Qb6+ 76. Kf7 Qc7+ 77. Qe7 Qc4+
78. Qe6 Nd5 79. Qd6 Ke3 80. Qe5+ Kd3 81. Qf5+ Kd4 82. Kg7 Qc7+ 83. Kh6 Qd6+ 84.
Kg5 Qd8+ 85. Kh6 Qh4+ 86. Qh5 Qe4 87. Qg6 Qf4+ 88. Qg5 Qh2+ 89. Qh5 Qc7 90. Qg5
Nf4 91. Qg7+ 1/2-1/2

[Event "Cracovia 2009"]
[Site "Krakow"]
[Date "2009.12.30"]
[Round "4.34"]
[White "Rago, Riccardo"]
[Black "Motyl, Tomasz"]
[Result "1/2-1/2"]
[WhiteElo "2105"]
[BlackElo "2022"]
[PlyCount "62"]
[EventDate "2009.??.??"]

1. e4 g6 2. d4 d6 3. Nf3 Bg7 4. Bc4 Nf6 5. Qe2 c6 6. a4 O-O 7. Bb3 Qa5+ 8. Bd2
Qh5 9. Nc3 Bg4 10. h3 Nbd7 11. O-O-O Bxf3 12. gxf3 a6 13. Rdg1 Bh6 14. Bxh6
Qxh6+ 15. Qe3 Qxe3+ 16. fxe3 b5 17. h4 Nh5 18. Ne2 Nb6 19. axb5 axb5 20. Kd2 c5
21. Bd5 Nxd5 22. exd5 Ra2 23. b3 f5 24. Ra1 Rfa8 25. Rxa2 Rxa2 26. dxc5 dxc5
27. e4 fxe4 28. fxe4 Nf6 29. Nc3 Ra5 30. Kd3 Nd7 31. Rf1 b4 1/2-1/2

[Event "Cracovia 2009"]
[Site "Krakow"]
[Date "2009.12.30"]
[Round "4.35"]
[White "Andrzejewska, Anna"]
[Black "Wandzik, Wojciech"]
[Result "1/2-1/2"]
[WhiteElo "2007"]
[BlackElo "2092"]
[PlyCount "91"]
[EventDate "2009.??.??"]

1. e4 d5 2. exd5 Qxd5 3. Nc3 Qa5 4. d4 Nf6 5. Nf3 c6 6. Bc4 Bf5 7. Bd2 e6 8.
Qe2 Bb4 9. O-O-O Nbd7 10. Ne5 Nxe5 11. dxe5 Nd5 12. Nxd5 exd5 13. Bb3 O-O-O 14.
Bg5 Rde8 15. g4 Bg6 16. a3 Bd6 17. Bd2 Qd8 18. f4 f6 19. Qf2 fxe5 20. f5 Bf7
21. Qxa7 Qh4 22. h3 Bb8 23. Qb6 Qd8 24. Qf2 Rhf8 25. Rhe1 d4 26. Bb4 Bd6 27.
Bxd6 Qxd6 28. Bxf7 Rxf7 29. Rxd4 exd4 30. Rxe8+ Kc7 31. Qd2 Qd5 32. Qf4+ Kb6
33. Qe4 Qc4 34. Kb1 Rd7 35. Qd3 Qxd3 36. cxd3 Kc5 37. Kc2 Kd5 38. a4 Rf7 39.
Rd8+ Kc5 40. b4+ Kxb4 41. Rxd4+ Kc5 42. Kc3 b5 43. axb5 cxb5 44. Re4 Ra7 45.
Re5+ Kc6 46. Re6+ 1/2-1/2

[Event "Cracovia 2009"]
[Site "Krakow"]
[Date "2009.12.30"]
[Round "4.36"]
[White "Grabowski, Adam"]
[Black "Iwanow, Anna"]
[Result "0-1"]
[WhiteElo "1924"]
[BlackElo "2026"]
[PlyCount "39"]
[EventDate "2009.??.??"]

1. e4 e5 2. Nf3 Nc6 3. Bb5 a6 4. Ba4 Nf6 5. O-O b5 6. Bb3 Bc5 7. c3 d6 8. d4
Bb6 9. Bg5 h6 10. Bh4 Bb7 11. Bg3 Nxe4 12. Re1 Nxg3 13. hxg3 Qf6 14. Nbd2 O-O
15. Ne4 Qd8 16. Nh4 Na5 17. Bc2 Bc8 18. Qf3 Be6 19. d5 Bd7 20. g4 0-1

[Event "Cracovia 2009"]
[Site "Krakow"]
[Date "2009.12.30"]
[Round "4.37"]
[White "Llaneza Vega, Victor"]
[Black "Malec, Sebastian"]
[Result "0-1"]
[WhiteElo "2045"]
[BlackElo "2100"]
[PlyCount "82"]
[EventDate "2009.??.??"]

1. e4 c5 2. Nf3 d6 3. Bb5+ Bd7 4. Bxd7+ Qxd7 5. O-O Nf6 6. Re1 g6 7. c3 Bg7 8.
d4 cxd4 9. cxd4 O-O 10. Nc3 Nc6 11. Bg5 Nh5 12. Qd2 Rfc8 13. Rac1 Rab8 14. Nd5
e6 15. Rxc6 Rxc6 16. Ne7+ Kh8 17. Nxc6 bxc6 18. Bh6 f6 19. g4 Bxh6 20. Qxh6 e5
21. gxh5 Qg4+ 22. Kf1 Qxf3 23. Kg1 Qg4+ 24. Kh1 Qf3+ 25. Kg1 gxh5 26. dxe5 dxe5
27. Qe3 Qxe3 28. Rxe3 Rxb2 29. Ra3 Rb7 30. Ra6 Rc7 31. Kf1 h4 32. Kg2 Kg7 33.
Kh3 c5 34. Ra3 c4 35. Rc3 Kf7 36. Kxh4 Ke6 37. Kg4 Kd6 38. f4 Kc5 39. fxe5 fxe5
40. Kf5 Kd4 41. Rc1 Rf7+ 0-1

[Event "Cracovia 2009"]
[Site "Krakow"]
[Date "2009.12.31"]
[Round "5.1"]
[White "Zubov, Alexander"]
[Black "Warakomski, Tomasz"]
[Result "1-0"]
[WhiteElo "2581"]
[BlackElo "2485"]
[PlyCount "99"]
[EventDate "2009.??.??"]

1. d4 g6 2. c4 Bg7 3. Nf3 d6 4. Nc3 Bg4 5. e3 c5 6. Be2 Nc6 7. O-O Nh6 8. d5
Bxf3 9. Bxf3 Ne5 10. Be2 f5 11. f4 Nd7 12. Bd2 Nf6 13. Qc2 O-O 14. Rae1 Qb6 15.
b3 Rae8 16. Bf3 Qa6 17. Kh1 b6 18. a4 Qb7 19. h3 Qd7 20. Rg1 Kh8 21. Qd1 e5 22.
dxe6 Rxe6 23. g4 Ne4 24. Bxe4 fxe4 25. Nd5 Ng8 26. Re2 Ne7 27. Be1 Nc8 28. Rh2
Ne7 29. h4 Nxd5 30. Qxd5 h6 31. Rd2 Bc3 32. Rdg2 Bxe1 33. Rxe1 Re7 34. Rd1 Rf6
35. Qd2 Kh7 36. Qb2 Rf8 37. Rd5 a6 38. Qd2 Rf6 39. Qd1 b5 40. Rgd2 Ree6 41. Kg2
bxc4 42. bxc4 Qf7 43. Kg3 Re7 44. g5 Rfe6 45. Rxd6 Rxd6 46. Rxd6 Qxc4 47. h5
hxg5 48. hxg6+ Kg8 49. f5 Qc3 50. f6 1-0

[Event "Cracovia 2009"]
[Site "Krakow"]
[Date "2009.12.31"]
[Round "5.3"]
[White "Sharapov, Evgeny"]
[Black "Shishkin, Vadim"]
[Result "1/2-1/2"]
[WhiteElo "2521"]
[BlackElo "2507"]
[PlyCount "73"]
[EventDate "2009.??.??"]

1. e4 c5 2. Nf3 Nc6 3. d4 cxd4 4. Nxd4 Nf6 5. Nc3 d6 6. f3 e5 7. Nb3 Be7 8. Be3
O-O 9. Qd2 a5 10. Bb5 Be6 11. Rd1 Na7 12. Be2 Nc8 13. Nd5 Nxd5 14. exd5 Bd7 15.
c4 a4 16. Nc1 f5 17. O-O f4 18. Bf2 Bh4 19. c5 Bxf2+ 20. Rxf2 dxc5 21. d6 Bc6
22. Qc3 Nb6 23. Qxe5 Nd7 24. Bc4+ Kh8 25. Qe7 Nb6 26. Rc2 Re8 27. Qxd8 Raxd8
28. Bf1 Re6 29. Rxc5 Rexd6 30. Rxd6 Rxd6 31. Nd3 Rd5 32. Rc1 g5 33. Kf2 Kg7 34.
Rc2 Rd4 35. Ne5 Nd5 36. Nxc6 bxc6 37. Be2 1/2-1/2

[Event "Cracovia 2009"]
[Site "Krakow"]
[Date "2009.12.31"]
[Round "5.4"]
[White "Nguyen, Piotr"]
[Black "Brodowski, Piotr"]
[Result "1/2-1/2"]
[WhiteElo "2353"]
[BlackElo "2425"]
[PlyCount "92"]
[EventDate "2009.??.??"]

1. Nf3 c5 2. c4 g6 3. d4 Bg7 4. e4 Qb6 5. dxc5 Qxc5 6. Be2 Nc6 7. O-O d6 8. a3
Qb6 9. Ra2 Nf6 10. Nc3 O-O 11. Be3 Qd8 12. Nd4 Bd7 13. f3 Nxd4 14. Bxd4 Bc6 15.
b4 Nh5 16. Bxg7 Nxg7 17. f4 f5 18. Bf3 fxe4 19. Bxe4 Qb6+ 20. Kh1 Rac8 21. Re2
Bxe4 22. Rxe4 e6 23. Qe2 d5 24. c5 Qc6 25. Re5 a6 26. Qd3 b6 27. Qxa6 bxc5 28.
Qxc6 Rxc6 29. b5 Rb6 30. a4 Ra8 31. g4 Ra5 32. f5 gxf5 33. gxf5 Nxf5 34. Nxd5
exd5 35. Rexf5 Rxa4 36. Rg5+ Rg6 37. Rxd5 c4 38. Rb1 Rb6 39. Rd7 Ra8 40. Rc7
Rab8 41. Rxc4 Rxb5 42. Rxb5 Rxb5 43. Rc7 Rb2 44. Kg1 Ra2 45. Rb7 Rc2 46. Ra7
Rb2 1/2-1/2

[Event "Cracovia 2009"]
[Site "Krakow"]
[Date "2009.12.31"]
[Round "5.5"]
[White "Jerez Perez, Alfonso"]
[Black "Strzemiecki, Zbigniew"]
[Result "1/2-1/2"]
[WhiteElo "2406"]
[BlackElo "2333"]
[PlyCount "55"]
[EventDate "2009.??.??"]

1. e4 e6 2. d4 d5 3. Nc3 Bb4 4. Bd3 dxe4 5. Bxe4 Nf6 6. Bf3 O-O 7. Nge2 c5 8.
O-O cxd4 9. Nxd4 Bxc3 10. bxc3 Qa5 11. Nb3 Qc7 12. c4 Nc6 13. Bb2 Ne5 14. c5
Nxf3+ 15. Qxf3 Nd5 16. c4 Ne7 17. Rfd1 f6 18. Bc3 Nc6 19. Rd6 e5 20. Rad1 Qf7
21. Qe4 Re8 22. Na5 Nxa5 23. Bxa5 Be6 24. c6 bxc6 25. Rxc6 Rac8 26. Rxc8 Rxc8
27. c5 Qe8 28. Rc1 1/2-1/2

[Event "Cracovia 2009"]
[Site "Krakow"]
[Date "2009.12.31"]
[Round "5.6"]
[White "Sadzikowski, Daniel"]
[Black "Rutkowski, Maciej"]
[Result "1/2-1/2"]
[WhiteElo "2287"]
[BlackElo "2405"]
[PlyCount "71"]
[EventDate "2009.??.??"]

1. e4 e5 2. Nf3 Nc6 3. Bb5 Nf6 4. O-O Nxe4 5. d4 Nd6 6. Bxc6 dxc6 7. dxe5 Nf5
8. Qxd8+ Kxd8 9. Nc3 h6 10. h3 Bd7 11. b3 Kc8 12. Bb2 b6 13. Rad1 Ne7 14. Rd2
Ng6 15. Rfd1 Be6 16. Nd4 Kb7 17. Nxe6 fxe6 18. Ne4 Be7 19. g3 a5 20. a4 Rad8
21. Rxd8 Bxd8 22. f4 h5 23. h4 Kc8 24. Bd4 c5 25. Bf2 Re8 26. Kf1 Ne7 27. Ke2
Nf5 28. Kf3 Be7 29. g4 hxg4+ 30. Kxg4 Bxh4 31. Bg1 Rh8 32. Rd3 Be7 33. Rh3 Rxh3
34. Kxh3 Kd7 35. Kg4 g6 36. Bf2 1/2-1/2

[Event "Cracovia 2009"]
[Site "Krakow"]
[Date "2009.12.31"]
[Round "5.7"]
[White "Krzyzanowski, Marcin"]
[Black "Bronowicki, Mateusz"]
[Result "1/2-1/2"]
[WhiteElo "2333"]
[BlackElo "2366"]
[PlyCount "61"]
[EventDate "2009.??.??"]

1. e4 e6 2. d4 d5 3. Nc3 Nf6 4. Bg5 Be7 5. e5 Ne4 6. Bxe7 Nxc3 7. Bxd8 Nxd1 8.
Bxc7 Nxb2 9. Rb1 Na4 10. Bb5+ Bd7 11. Bxa4 Bxa4 12. Rxb7 O-O 13. Kd2 Nd7 14.
Rb4 Rfc8 15. Rxa4 Rxc7 16. Ne2 Rb8 17. Ra3 Nb6 18. Rb3 Nc4+ 19. Kc1 Rb6 20.
Rxb6 axb6 21. c3 Ra7 22. Kb1 Ra5 23. Ka1 f6 24. exf6 gxf6 25. Rb1 Kf7 26. Rb4
e5 27. Kb1 Ra3 28. dxe5 fxe5 29. Rb3 Nd2+ 30. Kb2 Nc4+ 31. Kb1 1/2-1/2

[Event "Cracovia 2009"]
[Site "Krakow"]
[Date "2009.12.31"]
[Round "5.8"]
[White "Fraczek, Daniel"]
[Black "Rudnicki, Milosz"]
[Result "1/2-1/2"]
[WhiteElo "2371"]
[BlackElo "2221"]
[PlyCount "78"]
[EventDate "2009.??.??"]

1. Nf3 d5 2. d4 Nf6 3. c4 c6 4. e3 e6 5. Nc3 Be7 6. Bd3 O-O 7. O-O dxc4 8. Bxc4
b5 9. Bd3 b4 10. Na4 Nbd7 11. e4 c5 12. e5 Nd5 13. dxc5 Qc7 14. Qe2 Bb7 15. Bd2
Bc6 16. Bb5 Bxb5 17. Qxb5 Nxe5 18. Nxe5 Qxe5 19. Rfe1 Qc7 20. Rac1 Rfc8 21. Re4
Rab8 22. Qe2 Qc6 23. b3 Bf6 24. Rcc4 a5 25. h4 Be7 26. Bc1 Nf6 27. Re3 Rd8 28.
Bb2 Rd5 29. Re5 Rbd8 30. Rxd5 Rxd5 31. Qf3 Qc7 32. Bxf6 Bxf6 33. c6 Bd4 34. Rc2
h6 35. g3 Rf5 36. Qd3 Rd5 37. Qf3 Rf5 38. Qd3 Rd5 39. Qf3 Rf5 1/2-1/2

[Event "Cracovia 2009"]
[Site "Krakow"]
[Date "2009.12.31"]
[Round "5.9"]
[White "Wcislo, Damian"]
[Black "Dziuba, Marcin"]
[Result "1/2-1/2"]
[WhiteElo "2220"]
[BlackElo "2573"]
[PlyCount "92"]
[EventDate "2009.??.??"]

1. d4 Nf6 2. c4 g6 3. Nc3 Bg7 4. g3 O-O 5. Bg2 d6 6. Nf3 Nc6 7. O-O a6 8. h3
Bd7 9. Re1 e5 10. dxe5 dxe5 11. Nd5 Be6 12. e4 Nd7 13. Be3 Na5 14. Rc1 c5 15.
a3 Nc6 16. b4 b6 17. Bg5 f6 18. Be3 Nd4 19. bxc5 bxc5 20. Rb1 Rb8 21. Rxb8 Nxb8
22. Qd3 Nbc6 23. Rb1 Rf7 24. Kh2 Bf8 25. h4 h6 26. Qd2 g5 27. hxg5 fxg5 28. Ne1
g4 29. Nd3 Kh7 30. Rb2 Qe8 31. Rb6 Bc8 32. Bxd4 exd4 33. e5 Nxe5 34. Nxc5 Bg7
35. Nf4 Bf5 36. Bd5 Qd8 37. Qb4 d3 38. Nce6 Bxe6 39. Rd6 Qf8 40. Rxe6 Qxb4 41.
Be4+ Kg8 42. axb4 Rd7 43. Rxe5 Bxe5 44. Nxd3 Bd4 45. Kg2 Kg7 46. Bf5 Rc7
1/2-1/2

[Event "Cracovia 2009"]
[Site "Krakow"]
[Date "2009.12.31"]
[Round "5.10"]
[White "Rudolf, Michal"]
[Black "Jagodzinski, Piotr"]
[Result "1-0"]
[WhiteElo "2381"]
[BlackElo "2207"]
[PlyCount "77"]
[EventDate "2009.??.??"]

1. e4 c6 2. d4 d5 3. Nc3 dxe4 4. Nxe4 Nd7 5. Bc4 e6 6. Qe2 Ngf6 7. Ng5 Nd5 8.
N1f3 h6 9. Ne4 Qc7 10. O-O Be7 11. Re1 b6 12. Bb3 O-O 13. c4 N5f6 14. Ne5 Bb7
15. Bf4 Nxe4 16. Qxe4 Nf6 17. Nxf7 Nxe4 18. Bxc7 Nxf2 19. Nd6 Bf6 20. Kxf2
Bxd4+ 21. Ke2 Rf2+ 22. Kd3 Bxb2 23. Nxb7 Bxa1 24. Bg3 Rf7 25. Nd6 Bf6 26. Nxf7
Kxf7 27. Ke4 b5 28. Rd1 a5 29. cxb5 cxb5 30. Rd7+ Kg8 31. Bxe6+ Kh8 32. Rb7 b4
33. Rb8+ Rxb8 34. Bxb8 a4 35. Bd6 b3 36. a3 g6 37. Kd3 Kg7 38. Bd7 b2 39. Kc2
1-0

[Event "Cracovia 2009"]
[Site "Krakow"]
[Date "2009.12.31"]
[Round "5.11"]
[White "Sliwerski, Radoslaw"]
[Black "Khaetsky, Roman"]
[Result "0-1"]
[WhiteElo "2157"]
[BlackElo "2375"]
[PlyCount "70"]
[EventDate "2009.??.??"]

1. d4 Nf6 2. c4 c5 3. Nf3 cxd4 4. Nxd4 e5 5. Nb5 d5 6. cxd5 Bc5 7. e3 O-O 8.
N5c3 e4 9. a3 Bf5 10. Be2 Qe7 11. b4 Bd6 12. Bb2 Nbd7 13. Nd2 Ne5 14. Nb5 Rad8
15. Nc4 Nxc4 16. Bxc4 Bxb4+ 17. Nc3 Ba5 18. O-O Qc7 19. Ba2 Ng4 20. g3 Qb6 21.
Rb1 Qh6 22. h4 Ne5 23. Nxe4 Bxe4 24. Bxe5 Bxb1 25. Qxb1 Bb6 26. Bf4 Qg6 27. Qb4
Rfe8 28. Qb3 Rd7 29. Qb5 Qf5 30. e4 Rxe4 31. Bb1 Rxd5 32. Qb3 Qe6 33. Bxe4 Qxe4
34. Rc1 h6 35. Qc4 Rd1+ 0-1

[Event "Cracovia 2009"]
[Site "Krakow"]
[Date "2009.12.31"]
[Round "5.12"]
[White "Panocki, Adrian"]
[Black "Sowul, Bartosz"]
[Result "1/2-1/2"]
[WhiteElo "2353"]
[BlackElo "2101"]
[PlyCount "124"]
[EventDate "2009.??.??"]

1. Nf3 Nf6 2. c4 c5 3. Nc3 g6 4. g3 Bg7 5. Bg2 O-O 6. O-O Nc6 7. d4 d6 8. e3
Bf5 9. b3 Rc8 10. Bb2 Ne4 11. Nh4 Nxc3 12. Bxc3 Bd7 13. Qd2 a6 14. d5 Bxc3 15.
Qxc3 Qa5 16. Qb2 Ne5 17. f4 Ng4 18. Qe2 b5 19. h3 Nf6 20. e4 bxc4 21. bxc4 Qc3
22. Nf3 Rb8 23. Rab1 Rb4 24. Rxb4 cxb4 25. Re1 Nh5 26. Kh2 Rc8 27. Bf1 a5 28.
Rb1 Ba4 29. Qd3 Bc2 30. Qxc3 bxc3 31. Rc1 Bxe4 32. Nd4 c2 33. Nc6 Rc7 34. Bg2
Bd3 35. Bf1 Be4 36. Bg2 Bd3 37. Bf1 Bxf1 38. Rxf1 Rb7 39. Rc1 Rb2 40. Nxe7+ Kf8
41. Nc8 Nf6 42. Nxd6 Ke7 43. Nb5 Nxd5 44. cxd5 Rxb5 45. Rxc2 Rxd5 46. Kg2 a4
47. Kf2 Rd3 48. h4 h5 49. Re2+ Kd6 50. Rc2 a3 51. Kg2 Kd5 52. Kh3 Kd6 53. Rc8
Re3 54. Rf8 Re2 55. Rxf7 Ke6 56. Ra7 Rxa2 57. g4 hxg4+ 58. Kxg4 Ra1 59. Ra6+
Kf7 60. Kh3 a2 61. Kg2 Kg7 62. Kh2 Kh7 1/2-1/2

[Event "Cracovia 2009"]
[Site "Krakow"]
[Date "2009.12.31"]
[Round "5.13"]
[White "Vlcek, Stanislav"]
[Black "Skawinski, Arkadiusz"]
[Result "0-1"]
[WhiteElo "2286"]
[BlackElo "2206"]
[PlyCount "80"]
[EventDate "2009.??.??"]

1. Nf3 d5 2. c4 c6 3. g3 Nf6 4. Bg2 g6 5. b3 Bg7 6. Bb2 O-O 7. d3 Ne8 8. Qc2
Bxb2 9. Qxb2 f6 10. O-O e5 11. Nbd2 Be6 12. b4 Nd7 13. Rfc1 Nd6 14. b5 dxc4 15.
bxc6 bxc6 16. dxc4 c5 17. Ne1 Rb8 18. Qa3 Qc7 19. Nd3 Rfc8 20. Rc2 Nb6 21. Rac1
Kh8 22. h4 Nf5 23. e3 Nd6 24. Ne4 Nbxc4 25. Qxc5 Qe7 26. Rxc4 Rxc5 27. Rxc5
Nxe4 28. Bxe4 Rd8 29. Nb4 Rd7 30. Nd5 Qf7 31. Rc8+ Kg7 32. Nc7 Rd1+ 33. Rxd1
Bxc8 34. Rc1 Bf5 35. Bd5 Qd7 36. e4 Bg4 37. Kg2 Qa4 38. Rc6 Qd1 39. Rc3 Be2 40.
Ne6+ Kh6 0-1

[Event "Cracovia 2009"]
[Site "Krakow"]
[Date "2009.12.31"]
[Round "5.14"]
[White "Duda, Jan-Krzysztof"]
[Black "Kaim, Piotr"]
[Result "1-0"]
[WhiteElo "2079"]
[BlackElo "2284"]
[PlyCount "129"]
[EventDate "2009.??.??"]

1. e4 Nc6 2. Bb5 Nf6 3. Nc3 e5 4. Bxc6 dxc6 5. d3 Bd6 6. h3 Be6 7. Be3 c5 8. b3
Nd7 9. Nf3 Qe7 10. O-O O-O 11. Bg5 f6 12. Bh4 Nb8 13. Nd2 Nc6 14. Bg3 g5 15.
Nc4 Nd4 16. Ne3 c6 17. Bh2 a5 18. a4 b5 19. Kh1 Qf7 20. Ne2 Rfd8 21. f3 Bc7 22.
Bg1 Rd7 23. Qd2 Rad8 24. Rab1 Qh5 25. Ng4 Qg6 26. Bxd4 cxd4 27. Ra1 h5 28. Nh2
Bb6 29. b4 Ra7 30. axb5 cxb5 31. bxa5 Rda8 32. Qb4 Bxa5 33. Qxb5 Qf7 34. Rfb1
Ba2 35. Rb2 Bd2 36. Nf1 Bc3 37. Nxc3 dxc3 38. Rb4 Be6 39. Rba4 Rxa4 40. Rxa4
Rxa4 41. Qxa4 g4 42. fxg4 hxg4 43. Qa8+ Kh7 44. h4 f5 45. exf5 Bxf5 46. Ne3 Bg6
47. Kg1 Qf4 48. Qa7+ Kh6 49. Nd5 Qc1+ 50. Kh2 Qxc2 51. Qe3+ Kh7 52. Nf6+ Kg7
53. Nxg4 Qxd3 54. Qxe5+ Kf8 55. Qh8+ Ke7 56. Qf6+ Ke8 57. Ne5 Qf5 58. Qc6+ Kd8
59. Qd6+ Kc8 60. Nxg6 Qa5 61. Ne7+ Kb7 62. Qd7+ Ka6 63. Qc8+ Kb5 64. Qc6+ Kb4
65. Nd5+ 1-0

[Event "Cracovia 2009"]
[Site "Krakow"]
[Date "2009.12.31"]
[Round "5.15"]
[White "Goslawski, Michal"]
[Black "Dworakowska, Joanna"]
[Result "0-1"]
[WhiteElo "2021"]
[BlackElo "2361"]
[PlyCount "46"]
[EventDate "2009.??.??"]

1. d4 f5 2. c4 Nf6 3. Nc3 d6 4. f3 e5 5. dxe5 dxe5 6. Qxd8+ Kxd8 7. e4 c6 8.
Bd3 f4 9. g3 Nh5 10. Nge2 Bd6 11. c5 Bxc5 12. gxf4 Bh3 13. fxe5 Bg2 14. Rg1
Bxf3 15. Rf1 Bg4 16. Bg5+ Kc8 17. O-O-O Nd7 18. Na4 Bb6 19. Nxb6+ axb6 20. e6
Bxe6 21. a3 Ne5 22. Nf4 Nxf4 23. Rxf4 h6 0-1

[Event "Cracovia 2009"]
[Site "Krakow"]
[Date "2009.12.31"]
[Round "5.16"]
[White "Llaneza Vega, Patricia"]
[Black "Kireev, Andrey"]
[Result "1-0"]
[WhiteElo "2276"]
[BlackElo "2163"]
[PlyCount "57"]
[EventDate "2009.??.??"]

1. e4 g6 2. d4 Bg7 3. Nc3 d6 4. f4 Nf6 5. Nf3 O-O 6. Bd3 Na6 7. O-O c5 8. d5
Nc7 9. Qe1 e6 10. dxe6 Bxe6 11. f5 Bd7 12. Qh4 b5 13. Bg5 c4 14. Be2 Qe7 15.
Rad1 Bc6 16. Nd4 Bd7 17. Bf3 Rab8 18. Rfe1 Rfc8 19. Kh1 b4 20. Nd5 Ncxd5 21.
exd5 Qd8 22. fxg6 hxg6 23. Be4 c3 24. b3 Bb5 25. Nxb5 Rxb5 26. Rf1 Qe7 27. Bxf6
Bxf6 28. Rxf6 Re8 29. Bxg6 1-0

[Event "Cracovia 2009"]
[Site "Krakow"]
[Date "2009.12.31"]
[Round "5.17"]
[White "Andrenko, Irina"]
[Black "Gbyl, Andrzej"]
[Result "1/2-1/2"]
[WhiteElo "2154"]
[BlackElo "2270"]
[PlyCount "49"]
[EventDate "2009.??.??"]

1. e4 e6 2. d3 d5 3. Nd2 c5 4. Ngf3 Nc6 5. g3 g6 6. Bg2 Bg7 7. O-O Nge7 8. c3
b6 9. Re1 Bb7 10. e5 Qc7 11. Qe2 h6 12. a3 a5 13. h4 a4 14. Nf1 Na5 15. Bf4 Nb3
16. Rad1 Nf5 17. Ne3 Nxe3 18. Qxe3 Rd8 19. d4 Ba6 20. Nd2 cxd4 21. cxd4 Nxd2
22. Rxd2 Bc4 23. Rc1 Qd7 24. Bf3 b5 25. Bd1 1/2-1/2

[Event "Cracovia 2009"]
[Site "Krakow"]
[Date "2009.12.31"]
[Round "5.18"]
[White "Kalvaitis, Sigitas"]
[Black "Bebchuk, Leonid"]
[Result "1/2-1/2"]
[WhiteElo "2270"]
[BlackElo "2151"]
[PlyCount "125"]
[EventDate "2009.??.??"]

1. e4 e5 2. Nf3 Nf6 3. Nxe5 d6 4. Nf3 Nxe4 5. Nc3 Nxc3 6. dxc3 Be7 7. Be3 Nc6
8. Qd2 O-O 9. O-O-O Ne5 10. Nd4 a6 11. f4 Ng4 12. Bg1 c5 13. Nf3 b5 14. h3 Nf6
15. Qe1 Qc7 16. g4 Bb7 17. Bg2 Rfe8 18. g5 Bf8 19. Qh4 Ne4 20. Bh2 Qc8 21. Rhf1
Qe6 22. Kb1 Qc4 23. Rfe1 Bd5 24. Rxd5 Qxd5 25. Ka1 Nd2 26. g6 hxg6 27. Rxe8
Nxf3 28. Bxf3 Qxf3 29. Re1 Re8 30. a4 Rxe1+ 31. Qxe1 Qxh3 32. Qe2 Qe6 33. Qf1
Qc4 34. Qxc4 bxc4 35. b4 cxb3 36. cxb3 d5 37. Bg3 Bd6 38. Bf2 Kf8 39. Be3 Ke7
40. Bd2 Kd7 41. b4 cxb4 42. cxb4 Kc6 43. Kb2 d4 44. Kc2 Kd5 45. Kd3 f6 46. b5
axb5 47. axb5 Bc7 48. Bc1 Bb6 49. Bb2 g5 50. fxg5 fxg5 51. Bc1 g4 52. Bf4 g6
53. Bg3 Bd8 54. Bf2 Bb6 55. Bg3 Ke6 56. Ke4 d3 57. Kxd3 Kd5 58. Ke2 Kc4 59. Kf1
Kxb5 60. Kg2 Ba5 61. Bf4 Be1 62. Bg3 Bd2 63. Be5 1/2-1/2

[Event "Cracovia 2009"]
[Site "Krakow"]
[Date "2009.12.31"]
[Round "5.19"]
[White "Swiech, Przemyslaw"]
[Black "Shilov, Sergej"]
[Result "1-0"]
[WhiteElo "2134"]
[BlackElo "2267"]
[PlyCount "65"]
[EventDate "2009.??.??"]

1. d4 Nf6 2. c4 c5 3. d5 e6 4. Nc3 exd5 5. cxd5 d6 6. e4 g6 7. g3 Bg7 8. Bg2
O-O 9. Nf3 b5 10. e5 dxe5 11. Nxe5 Re8 12. f4 b4 13. Na4 Bg4 14. Qb3 Nbd7 15.
O-O Nxe5 16. fxe5 Rxe5 17. Bf4 Re2 18. h3 Bf5 19. Qf3 Rc2 20. Bg5 Qd7 21. Bxf6
Bxf6 22. g4 Qxa4 23. gxf5 Qd7 24. fxg6 Bd4+ 25. Kh1 hxg6 26. Rae1 Rf8 27. Qg3
Bg7 28. Qd3 Rxb2 29. d6 Bd4 30. Qg3 Rd8 31. Bd5 Qxd6 32. Re8+ Rxe8 33. Qxd6 1-0

[Event "Cracovia 2009"]
[Site "Krakow"]
[Date "2009.12.31"]
[Round "5.20"]
[White "Toma, Katarzyna"]
[Black "Bakalarz, Leszek"]
[Result "1-0"]
[WhiteElo "2233"]
[BlackElo "2137"]
[PlyCount "83"]
[EventDate "2009.??.??"]

1. e4 c5 2. Nf3 d6 3. d4 cxd4 4. Nxd4 Nf6 5. Nc3 g6 6. f3 Bg7 7. Be3 O-O 8. Qd2
Nc6 9. Bc4 Bd7 10. h4 Ne5 11. Bb3 Rc8 12. h5 Nxh5 13. O-O-O Nc4 14. Bxc4 Rxc4
15. g4 Nf6 16. Nb3 Re8 17. Nd5 e6 18. Nf4 Qc7 19. g5 Rc8 20. c3 Ne8 21. Bd4
Bxd4 22. Nxd4 Qa5 23. Qh2 Qxg5 24. Rdg1 Qxg1+ 25. Qxg1 e5 26. Nf5 Bxf5 27. Nd5
Be6 28. Ne7+ Kg7 29. Nxc8 Bxc8 30. Qxa7 g5 31. Qe3 Kg6 32. b3 Rc7 33. Kb2 h5
34. a4 h4 35. a5 f5 36. b4 Ng7 37. Rg1 f4 38. Qd2 Rd7 39. Qg2 Ne6 40. Qg4 Kf6
41. Qf5+ Ke7 42. Qh7+ 1-0

[Event "Cracovia 2009"]
[Site "Krakow"]
[Date "2009.12.31"]
[Round "5.21"]
[White "Matras-Clement, Agnieszka"]
[Black "Baumann, Dariusz"]
[Result "1-0"]
[WhiteElo "2231"]
[BlackElo "2085"]
[PlyCount "81"]
[EventDate "2009.??.??"]

1. e4 e5 2. Nf3 Nf6 3. Nc3 Nc6 4. d4 exd4 5. Nxd4 Bb4 6. Nxc6 bxc6 7. Bd3 d5 8.
exd5 cxd5 9. O-O O-O 10. Bg5 c6 11. Na4 h6 12. Bh4 Re8 13. c4 dxc4 14. Bxc4
Qxd1 15. Raxd1 g5 16. Bg3 Bf5 17. Bd6 Bxd6 18. Rxd6 Ne4 19. Rxc6 Bd7 20. Rc7
Bxa4 21. Bxf7+ Kf8 22. Bxe8 Bxe8 23. Re1 Nf6 24. Re6 Nd5 25. Rh7 Rc8 26. h3 h5
27. Rxa7 h4 28. Re5 Nf6 29. Rxg5 Rc1+ 30. Kh2 Ne4 31. Rf5+ Kg8 32. Ra8 Nd2 33.
Rxe8+ Kg7 34. g4 Rc2 35. Kg2 Nb1 36. a4 Rc4 37. a5 Nd2 38. a6 Ra4 39. Re7+ Kg6
40. a7 Nb3 41. Rf8 1-0